Normal view
MARC view
Entry Personal Name
001 - CONTROL NUMBER
- control field: 11308
003 - CONTROL NUMBER IDENTIFIER
- control field: OSt
005 - DATE AND TIME OF LATEST TRANSACTION
- control field: 20161117153411.0
008 - FIXED-LENGTH DATA ELEMENTS
- fixed length control field: 161117|| aca||aabn | a|a d
040 ## - CATALOGING SOURCE
- Original cataloging agency: OSt
- Transcribing agency: OSt
100 ## - HEADING--PERSONAL NAME
- Personal name: Reibaldi,Giuseppe;Caprara,Giovanni;
670 ## - SOURCE DATA FOUND
- Source citation: Work cat.: (OSt): Reibaldi,Giuseppe;Caprara,Giovanni;, Space Base Europe:, 2002.
